Deutsche Städte mit "G" - Statistiken

Allgemein
  • Dieses Quiz wurde 160 mal gespielt
  • Das Durchschnittsergebnis liegt bei 28 aus 127
Antwortstatistiken
Bundesland Stadt % Korrekt
Thüringen Gera
87%
Niedersachsen Göttingen
85%
Nordrhein-Westfalen Gelsenkirchen
82%
Baden-Württemberg Göppingen
80%
Hessen Gießen
77%
Niedersachsen Goslar
74%
Nordrhein-Westfalen Gütersloh
68%
Hessen Groß-Gerau
64%
Mecklenburg-Vorpommern Greifswald
63%
Sachsen Görlitz
62%
Thüringen Gotha
62%
Nordrhein-Westfalen Geilenkirchen
56%
Niedersachsen Gifhorn
56%
Nordrhein-Westfalen Gummersbach
56%
Bayern Günzburg
51%
Nordrhein-Westfalen Geldern
49%
Mecklenburg-Vorpommern Güstrow
49%
Rheinland-Pfalz Germersheim
48%
Nordrhein-Westfalen Gladbeck
48%
Nordrhein-Westfalen Greven
44%
Baden-Württemberg Gaggenau
43%
Niedersachsen Garbsen
43%
Nordrhein-Westfalen Grevenbroich
43%
Rheinland-Pfalz Grünstadt
43%
Rheinland-Pfalz Gau-Algesheim
42%
Sachsen Glauchau
42%
Sachsen Grimma
42%
Bayern Garching bei München
40%
Bayern Germering
40%
Brandenburg Guben
39%
Thüringen Greiz
38%
Hessen Gelnhausen
37%
Niedersachsen Gronau (Leine)
37%
Nordrhein-Westfalen Gronau (Westf.)
37%
Hessen Grünberg
37%
Sachsen Großenhain
36%
Hessen Ginsheim-Gustavsburg
35%
Sachsen Geithain
32%
Thüringen Gößnitz
32%
Sachsen-Anhalt Gräfenhainichen
32%
Sachsen Groitzsch
32%
Sachsen-Anhalt Genthin
31%
Nordrhein-Westfalen Gevelsberg
31%
Sachsen-Anhalt Gommern
31%
Hessen Gernsheim
29%
Nordrhein-Westfalen Goch
29%
Niedersachsen Georgsmarienhütte
28%
Schleswig-Holstein Geesthacht
26%
Bayern Geretsried
26%
Sachsen Gröditz
26%
Mecklenburg-Vorpommern Goldberg
24%
Rheinland-Pfalz Gerolstein
23%
Sachsen Glashütte
23%
Niedersachsen Gehrden
20%
Sachsen Geringswalde
20%
Sachsen-Anhalt Gardelegen
18%
Baden-Württemberg Geislingen
18%
Baden-Württemberg Geislingen an der Steige
18%
Bayern Grafenau
18%
Sachsen Geyer
17%
Baden-Württemberg Gernsbach
14%
Bayern Gräfenberg
12%
Mecklenburg-Vorpommern Grimmen
12%
Bayern Gunzenhausen
12%
Brandenburg Gartz (Oder)
10%
Mecklenburg-Vorpommern Grevesmühlen
10%
Schleswig-Holstein Glücksburg (Ostsee)
9%
Hessen Griesheim
9%
Baden-Württemberg Giengen an der Brenz
8%
Hessen Groß-Umstadt
8%
Nordrhein-Westfalen Gescher
7%
Schleswig-Holstein Glückstadt
7%
Sachsen-Anhalt Gröningen
7%
Niedersachsen Geestland
6%
Bayern Gemünden am Main
6%
Hessen Gemünden (Wohra)
6%
Bayern Gersthofen
6%
Nordrhein-Westfalen Geseke
6%
Bayern Gundelfingen an der Donau
6%
Mecklenburg-Vorpommern Gadebusch
5%
Mecklenburg-Vorpommern Garz/Rügen
5%
Hessen Geisenheim
5%
Hessen Gladenbach
5%
Bayern Grafing bei München
5%
Baden-Württemberg Gundelsheim
5%
Baden-Württemberg Geisingen
4%
Schleswig-Holstein Glinde
4%
Mecklenburg-Vorpommern Grabow
4%
Bayern Greding
4%
Sachsen Großröhrsdorf
4%
Baden-Württemberg Gaildorf
3%
Hessen Gedern
3%
Baden-Württemberg Gengenbach
3%
Baden-Württemberg Gammertingen
2%
Bayern Gefrees
2%
Baden-Württemberg Gerlingen
2%
Bayern Gerolzhofen
2%
Bayern Grafenwöhr
2%
Hessen Großalmerode
2%
Hessen Groß-Bieberau
2%
Baden-Württemberg Großbottwar
2%
Sachsen Großschirma
2%
Baden-Württemberg Grünsfeld
2%
Hessen Gudensberg
2%
Sachsen-Anhalt Güsten
2%
Schleswig-Holstein Garding
1%
Thüringen Gefell
1%
Thüringen Geisa
1%
Bayern Geisenfeld
1%
Baden-Württemberg Gerabronn
1%
Hessen Gersfeld (Rhön)
1%
Mecklenburg-Vorpommern Gnoien
1%
Brandenburg Golßen
1%
Brandenburg Gransee
1%
Thüringen Greußen
1%
Sachsen Grünhain-Beierfeld
1%
Baden-Württemberg Güglingen
1%
Mecklenburg-Vorpommern Gützkow
1%
Thüringen Gebesee
0%
Bayern Geiselhöring
0%
Sachsen-Anhalt Gerbstedt
0%
Bayern Goldkronach
0%
Thüringen Gräfenthal
0%
Hessen Grebenau
0%
Hessen Grebenstein
0%
Thüringen Großbreitenbach
0%
Brandenburg Großräschen
0%
Keine übereinstimmenden Quizze gefunden
Verteilung der Resultate
Anzahl Personen mit jedem Resultat
Perzentil nach korrekt beantworteten Fragen
Ihre Resultats-Entwicklung
Sie haben dieses Quiz noch nicht gespielt